<?xml version="1.0" encoding="UTF-8"?>
<marc:record xmlns:marc="http://www.loc.gov/MARC21/slim">
   <marc:leader>00000nam a2200000 a 4500</marc:leader>
   <marc:datafield ind1="1" ind2=" " tag="100">
      <marc:subfield code="a">Sandgruber, Roman</marc:subfield>
      <marc:subfield code="4">aut</marc:subfield>
      <marc:subfield code="e">Verfasser/-in</marc:subfield>
   </marc:datafield>
   <marc:datafield ind1=" " ind2=" " tag="653">
      <marc:subfield code="a">Biografie</marc:subfield>
   </marc:datafield>
   <marc:datafield ind1=" " ind2=" " tag="653">
      <marc:subfield code="a">Rothschild</marc:subfield>
   </marc:datafield>
   <marc:datafield ind1=" " ind2=" " tag="653">
      <marc:subfield code="a">Wissenschaftsbuch des Jahres 2019: Shortlist</marc:subfield>
   </marc:datafield>
   <marc:datafield ind1="0" ind2="0" tag="245">
      <marc:subfield code="a">Rothschild</marc:subfield>
   </marc:datafield>
   <marc:datafield ind1="0" ind2="0" tag="245">
      <marc:subfield code="b">Glanz und Untergang des Wiener Welthauses</marc:subfield>
   </marc:datafield>
   <marc:datafield ind1="0" ind2="0" tag="245">
      <marc:subfield code="c">Sandgruber, Roman</marc:subfield>
   </marc:datafield>
   <marc:datafield ind1=" " ind2="1" tag="264">
      <marc:subfield code="a">Wien</marc:subfield>
      <marc:subfield code="b">Molden</marc:subfield>
   </marc:datafield>
   <marc:datafield ind1=" " ind2=" " tag="250">
      <marc:subfield code="a">1. Auflage</marc:subfield>
   </marc:datafield>
   <marc:datafield ind1="1" ind2=" " tag="520">
      <marc:subfield code="a">Angaben aus der Verlagsmeldung &#xD;
&#xD;
 &#xD;
&#xD;
  Rothschild : Glanz und Untergang des Wiener Welthauses / von Roman Sandgruber &#xD;
&#xD;
 &#xD;
&#xD;
  &#xD;
Die Nachkommen von Mayer Amschel Rothschild erobern die europäische Finanzwelt: Salomon Rothschild steigt im Vormärz zum führenden Bankier Österreichs auf, Sohn Anselm Salomon gründet die Creditanstalt, Enkel Albert ist der reichste Mann Europas. Die Rothschilds werden zu Freiherren und Baronen, finanzieren Staaten, Kriege, Fabriken und den Eisenbahnbau, sind Mäzene und Sammler. Das »Welthaus Rothschild« besitzt bis 1914 die größte Bank der Welt. Gestützt auf umfangreiche Recherchen im Londoner Rothschild-Archiv zeichnet Roman Sandgruber ein meisterhaftes Bild vom Aufstieg der Familie und dem Schicksal ihres österreichischen Zweigs. Er schildert Geschäfte und Transaktionen, Skandale und Dramen und lässt die einzigartige Erfolgsgeschichte dieser jüdisch-großbürgerlichen Familie wieder lebendig werden.  &#xD;
&#xD;
 &#xD;
&#xD;
 &#xD;
Die Rothschilds&#xD;
›› Mayer Amschel Rothschild – Der Millionär aus dem Ghetto&#xD;
›› Salomon Rothschild – Der Bankier der Heiligen Allianz&#xD;
›› Anselm Rothschild – Der König der Gründerzeit&#xD;
›› Albert Rothschild – Der reichste Mann Europas&#xD;
›› Louis Rothschild – Der gestürzte Kapitalist</marc:subfield>
   </marc:datafield>
   <marc:datafield ind1=" " ind2=" " tag="020">
      <marc:subfield code="a">9783222150241</marc:subfield>
      <marc:subfield code="9">9783222150241</marc:subfield>
   </marc:datafield>
   <marc:datafield ind1=" " ind2=" " tag="020">
      <marc:subfield code="a">3222150249</marc:subfield>
      <marc:subfield code="9">3222150249</marc:subfield>
   </marc:datafield>
   <marc:datafield ind1=" " ind2=" " tag="041">
      <marc:subfield code="a">ger</marc:subfield>
   </marc:datafield>
   <marc:datafield ind1=" " ind2=" " tag="300">
      <marc:subfield code="b">Illustrationen</marc:subfield>
   </marc:datafield>
   <marc:datafield ind1=" " ind2=" " tag="338">
      <marc:subfield code="a">Band</marc:subfield>
   </marc:datafield>
   <marc:datafield ind1=" " ind2=" " tag="300">
      <marc:subfield code="a">527 Seiten</marc:subfield>
   </marc:datafield>
</marc:record>
